000 00419nam a2200109 4500
999 _c523854
_d523854
082 _aL906x54444 C/F/2022-23
245 _aState finance audit report of the Comptroller and Auditor General of India for the year ended March 2022
260 _aBangalore
_bGovernment of Karnataka
_c2023
300 _a197p.
650 _aAuditing - India - Karnataka
_919586
700 _aKarnataka. Indian Audit and Accounts Department
_919587